Catálogo

CAMBIO SOCIAL (Registro nro. 11200)

Detalles MARC
000 -LEADER
fixed length control field 00458nam a2200181 a 4500
001 - CONTROL NUMBER
control field 11200
005 - DATE AND TIME OF LATEST TRANSACTION
control field 20180713195342.0
008 - FIXED-LENGTH DATA ELEMENTS--GENERAL INFORMATION
fixed length control field 140415s1972 000 0 spa d
041 ## - LANGUAGE CODE
Language code of text/sound track or separate title spa
082 ## - DEWEY DECIMAL CLASSIFICATION NUMBER
Classification number 303
Item number MOO
100 1# - MAIN ENTRY--PERSONAL NAME
Personal name MOORE, WILBERT E.
245 10 - TITLE STATEMENT
Title CAMBIO SOCIAL
260 ## - PUBLICATION, DISTRIBUTION, ETC.
Place of publication, distribution, etc. [s.l.] :
Name of publisher, distributor, etc. UTEHA,
Date of publication, distribution, etc. 1972
300 ## - PHYSICAL DESCRIPTION
Extent 204
490 ## - SERIES STATEMENT
Series statement MANUALES UTEHA
Volume/sequential designation 269/269a
650 14 - SUBJECT ADDED ENTRY--TOPICAL TERM
Topical term or geographic name entry element CAMBIO SOCIAL
700 1# - ADDED ENTRY--PERSONAL NAME
Personal name GOMEZ DE SILVA, JORGE
Relator term tr.
Existencias
Withdrawn status Lost status Source of classification or shelving scheme Damaged status Not for loan Collection code Home library Current library Shelving location Date acquired Source of acquisition Inventory number Total Checkouts Total Renewals Full call number Barcode Date last seen Date last checked out Price effective from Koha item type
    Dewey Decimal Classification     General Biblioteca Karol Wojtyla Biblioteca Karol Wojtyla Sala general 03/12/2013 Compra 151000000000000000054314 2 1 303 MOO 2658 05/01/2026 02/05/2019 03/12/2013 Libro
  Extraviado Dewey Decimal Classification       Biblioteca Karol Wojtyla Biblioteca Karol Wojtyla   03/12/2013 Compra       303 MOO 7874     03/12/2013 Libro